Socialismo para una época de escépticos / (Registro nro. 59059)
[ vista simple ]
| 000 -LEADER | |
|---|---|
| fixed length control field | 01093cam a2200289 i 4500 |
| 001 - CONTROL NUMBER | |
| control field | 59059 |
| 005 - DATE AND TIME OF LATEST TRANSACTION | |
| control field | 20230523155749.0 |
| 008 - FIXED-LENGTH DATA ELEMENTS--GENERAL INFORMATION | |
| fixed length control field | 140415s1997 mc r 000 0 spa d |
| 020 ## - INTERNATIONAL STANDARD BOOK NUMBER | |
| International Standard Book Number | 9682320534 |
| 040 ## - CATALOGING SOURCE | |
| Original cataloging agency | MX-PuUPA |
| Language of cataloging | spa |
| Description conventions | rda |
| Transcribing agency | Mx-PuUPA |
| Modifying agency | Mx-PuUPA |
| 041 ## - LANGUAGE CODE | |
| Language code of text/sound track or separate title | spa |
| -- | eng |
| 082 0# - DEWEY DECIMAL CLASSIFICATION NUMBER | |
| Classification number | 335.5 |
| Item number | MIL |
| 100 1# - MAIN ENTRY--PERSONAL NAME | |
| Personal name | Miliband, Ralph, |
| Relator term | autor |
| 9 (RLIN) | 5663 |
| 240 10 - UNIFORM TITLE | |
| Uniform title | Socialism for a sceptical age. |
| Language of a work | Español |
| 245 10 - TITLE STATEMENT | |
| Title | Socialismo para una época de escépticos / |
| Statement of responsibility, etc. | por Ralph Miliband ; traducción de Raúl Elvir Maldonado. |
| 250 ## - EDITION STATEMENT | |
| Edition statement | Primera edición |
| 264 #1 - PRODUCTION, PUBLICATION, DISTRIBUTION, MANUFACTURE, AND COPYRIGHT NOTICE | |
| Place of production, publication, distribution, manufacture | México, D.F. : |
| Name of producer, publisher, distributor, manufacturer | Siglo xxi editores, |
| -- | Centro de Investigaciones interdisciplinarias en Ciencias y Humanidades, UNAM, |
| Date of production, publication, distribution, manufacture, or copyright notice | 1997 |
| 300 ## - PHYSICAL DESCRIPTION | |
| Extent | ix, 232 páginas ; |
| Dimensions | 21 cm. |
| 336 ## - CONTENT TYPE | |
| Content type term | texto |
| Source | rdacontent |
| 337 ## - MEDIA TYPE | |
| Media type term | sin mediación |
| Source | rdamedia |
| 338 ## - CARRIER TYPE | |
| Carrier type term | volumen |
| Source | rdacarrier |
| 490 0# - SERIES STATEMENT | |
| Series statement | El mundo del siglo xxi |
| 650 #4 - SUBJECT ADDED ENTRY--TOPICAL TERM | |
| Topical term or geographic name entry element | Socialismo |
| 700 1# - ADDED ENTRY--PERSONAL NAME | |
| Personal name | Maldonado, Raúl Elvir, |
| Relator term | traductor |
| 700 1# - ADDED ENTRY--PERSONAL NAME | |
| Relationship information | Traducción de: |
| Personal name | Miliband, Ralph, |
| Title of a work | Socialism for a sceptical age. |
| 942 ## - ADDED ENTRY ELEMENTS (KOHA) | |
| Classification part | 335.5 |
| Item part | MIL |
| Koha item type | Libro |
| Withdrawn status | Lost status | Source of classification or shelving scheme | Damaged status | Not for loan | Collection code | Home library | Current library | Shelving location | Date acquired | Source of acquisition | Inventory number | Total Checkouts | Full call number | Barcode | Date last seen | Price effective from | Koha item type |
|---|---|---|---|---|---|---|---|---|---|---|---|---|---|---|---|---|---|
| Dewey Decimal Classification | General | Biblioteca Karol Wojtyla | Biblioteca Karol Wojtyla | Sala general | 23/10/2017 | Compra | 151000000000000000052489 | 335.5 MIL 1997 | 98469 | 05/01/2026 | 23/10/2017 | Libro |